| 000 | 01244nam a22002777a 4500 | ||
|---|---|---|---|
| 005 | 20080602112520.0 | ||
| 008 | 080602t xxu||||| |||| 00| 0 eng d | ||
| 010 | _aB-283156 | ||
| 020 |
_a817245399X _c95.00 |
||
| 020 |
_a9788172453992 _c95.00 |
||
| 035 | _aB-283156 | ||
| 037 | _bGoodwill Pub. House | ||
| 040 |
_aDPL _bEN |
||
| 082 | _aS | ||
| 100 | _aWeinberg, Robert | ||
| 245 |
_aGoodwill's 50 detective stories / _cby Robert Weinberg, Stefan Dziemianowicz [and] Martin H. Greenberg |
||
| 260 |
_aNew Delhi _bGoodwill Publishing House _c(200?) |
||
| 270 |
_aB-3, Rattan Jyoti, 18 Rajendra Place, _bNew Delhi _e110008 _k25750801, 25755519, 25820556 _l91-11-25763428 _mgoodwillpub@vsnl.net |
||
| 300 |
_aviii, 269p. _c23cm.(pbk) |
||
| 700 | _aDziemianowicz, Stefan | ||
| 700 | _aGreenberg, Martin H. | ||
| 700 | _aGreenberg, Martin H. | ||
| 942 |
_2ddc _cEN _hS _mWEI |
||
| 999 |
_c26338 _d26338 |
||